Vnútrodružstevný chozrasčot a riadenie VD v podmienkach trhového hospodárstva záverečná práca postgraduálneho štúdia

Saved in:
Bibliographic Details
Main Author: Miľovčík, Ján
Corporate Author: Vysoká škola ekonomická v Bratislave
Other Authors: Marková, Viera
Format: Book
Language:Slovak
Published: Bratislava 1990
Tags: Add Tag
No Tags, Be the first to tag this record!

MARC

LEADER 00000nam a2200000 4500
001 c033951
005 20221215071824.8
041 0 |a slo 
044 |a SK 
245 1 0 |a Vnútrodružstevný chozrasčot a riadenie VD v podmienkach trhového hospodárstva  |b záverečná práca postgraduálneho štúdia  |c Ján Miľovčík ; ved. práce Viera Marková 
264 1 |a Bratislava  |c 1990 
300 |a 61 s. 
100 1 |a Miľovčík, Ján 
700 1 |a Marková, Viera 
710 2 |a Vysoká škola ekonomická v Bratislave